000
00333 a2200157 4500
001
48163
020
_a
9788564823525
040
_c
Anchieta - Aquarius
100
_a
Roba, Verron
240
1
0
_a
Boule e Bill
_l
por
245
1
0
_a
Boule e Bill
300
_a
46
362
0
_a
2013
650
4
_a
Literatura infanto-juvenil
942
_c
BK
999
_c
48163
_d
48163